Регионална библиотека "Любен Каравелов" - Русе

Биотехнологиите - предизвикателства и надежди (Запис номер 57522)

MARC детайли
000 -Лидер
Контролно поле с фиксирана дължина 01321nam a2200313 c 4500
003 - Код на организацията, давaща контролен номер
Контролно поле BLK
005 - Дата и час на последна редакция
Контролно поле 20180422102111.0
008 - Елементи от данни с фиксирана дължина
fixed length control field 180408b bul|||||r ||||||| ||bul||
010 ## - Наследен системен номер
LC control number KNG00061526000
040 ## - Източник на каталожния запис
Идентификатор на билиотеката - собственик на записа BLK
041 ## - Код за език
Код за езика на текст/звукозапис или на отделно заглавие Български
Код за езика КДБФ Български
080 ## - УДК
Текстов определител УДК Приложна биология въобще. Биотехнология. Генно инженерство. - Общи въпроси
УДК код - определител по УДК 573.6
УДК определител
УДК - код + определител 573.6
100 1# - Редна дума - Автор
Автор Сасон, Албер
Авторска отговорност първи автор
R(LIN) 287669
139 ## - Редно поле
Редна дума Сасон, Албер
Авторски знак Сар - С 20
245 10 - Сведения за заглавието
Заглавие Биотехнологиите - предизвикателства и надежди
Подзаглавни данни Науч.-попул. четиво
Редно поле (дума) Албер Сасон; прев. от фр. Петя Христова; предг. от Христо Панайотов.
257 ## - Страна на издаване
Страна на създаване/издаване България
260 ## - Област на издателските данни
-- София
Име на издателя, разпространителя и проч. Наука и изкуство
Година на издаване 1988
300 ## - Физическа характеристика
Страници 188 с.
Илюстрации и др. с табл., сх., ил., 18 л. ил
Размери/Мащаб 19Х20 см
380 ## - Жанр
Жанр Естествени науки. Математика
500 ## - Общи забележки
Забележка Библиогр. с. 180-186
650 #4 - Допълнително описание по предмет – тема
Основно описание – тема или топоним Биотехнологии
9 (RLIN) 148733
700 1# - Други автори (авторска отговорност)
Лично име Христова, Петя
Автороска отговорност (Описва отношението между автора и произведението) прев. от фр.
9 (RLIN) 368259
700 1# - Други автори (авторска отговорност)
Лично име Панайотов, Христо
Автороска отговорност (Описва отношението между автора и произведението) предг. от
9 (RLIN) 369526
852 ## - Местоположение
Форматна сигнатура Цб 154792
856 4# - Електронен адрес и достъп
Електронен формат pdf - файл
Път до файла /url/
856 4# - Електронен адрес и достъп
Електронен формат pdf - файл
Път до файла /url/
942 ## - АРТИКУЛИ
Вид на библиотечния материал Книги
Скрит в OPAC Не
944 ## - СЪЗДАВАНЕ И РЕДАКЦИЯ на ЗАПИСА
Създаване/Редакция Създаване
Дата на регистрацията/редакция 13.06.2004
Служител, извършил регистрацията/редакцията Читалня
944 ## - СЪЗДАВАНЕ И РЕДАКЦИЯ на ЗАПИСА
Създаване/Редакция Редакция
Дата на регистрацията/редакция 18.09.2015
Служител, извършил регистрацията/редакцията
999 ## - СИСТЕМНИ КОНТРОЛНИ НОМЕРА
Koha biblionumber 57522
Koha biblioitemnumber 57522
Наличности
Код за отписване Код за изгубен артикул Източник на класификационната схема Код за повреда Коз за рестрикции Код за отдаване Артикулен № Име на библиотеката - собственик Име на библиотеката, в която се намира в момента Статус (Текущо местоположение) Дата на вписване в системата Местоположение - отдел Цена в лева Инвентарен номер Систематично азбучна сигнатура Баркод Номер на екземпляра Цена в евро Служебна бележка Служебен тип на артикула
Изтеглен Не е изгубен Universal Decimal Classification Не е повреден без рестрикции ползва се в читалня 93411 Регионална библиотека "Любен Каравелов" Русе Регионална библиотека "Любен Каравелов" Русе Читалня 1993-01-01 Читалня 2.74 504484 Ч 573/СЧ0А 504484 1 1.40 Дата инв: 16.03.2017 Бележки инв: Ч2017 Книги
  Не е изгубен Universal Decimal Classification Не е повреден без рестрикции ползва се в читалня 93412 Регионална библиотека "Любен Каравелов" Русе Регионална библиотека "Любен Каравелов" Русе Хранилище 1988-01-01 Хранилище 2.74 505979 Цб 154792 120000505979 2 1.40 Дост: Dp Вид: Д N: стар фонд Дата: 01.01.1988 Книги
Изтеглен Не е изгубен Universal Decimal Classification Не е повреден без рестрикции заемане за дома 93413 Регионална библиотека "Любен Каравелов" Русе Регионална библиотека "Любен Каравелов" Русе Заемна - подръчен фонд 1988-01-01 Заемна - подръчен фонд 2.74 504477 П 573/С 20 504477 3 1.40 Вид: Сф N: стар фонд Дата: 01.01.1988 Книги
Изтеглен Не е изгубен Universal Decimal Classification Не е повреден без рестрикции заемане за дома 93414 Регионална библиотека "Любен Каравелов" Русе Регионална библиотека "Любен Каравелов" Русе Заемна - подръчен фонд 1988-01-01 Заемна - подръчен фонд 2.74 504478 П 573/С 20 504478 4 1.40 Вид: Сф N: стар фонд Дата: 01.01.1988 Дата инв: 02.02.2018 Бележки инв: П2018 Книги
Изтеглен Не е изгубен Universal Decimal Classification Не е повреден без рестрикции заемане за дома 93415 Регионална библиотека "Любен Каравелов" Русе Регионална библиотека "Любен Каравелов" Русе Заемна - подръчен фонд 1988-01-01 Заемна - подръчен фонд 2.74 504479 П 573/С 20 504479 5 1.40 Вид: Сф N: стар фонд Дата: 01.01.1988 Дата инв: 02.02.2018 Бележки инв: П2018 Книги
Изтеглен Не е изгубен Universal Decimal Classification Не е повреден без рестрикции заемане за дома 93416 Регионална библиотека "Любен Каравелов" Русе Регионална библиотека "Любен Каравелов" Русе Заемна - подръчен фонд 1988-01-01 Заемна - подръчен фонд 2.74 504481 П 573/С 20 504481 6 1.40 Вид: Сф N: стар фонд Дата: 01.01.1988 Книги
Изтеглен Не е изгубен Universal Decimal Classification Не е повреден без рестрикции заемане за дома 93417 Регионална библиотека "Любен Каравелов" Русе Регионална библиотека "Любен Каравелов" Русе Заемна - подръчен фонд 1988-01-01 Заемна - подръчен фонд 2.74 504482 П 573/С 20 504482 7 1.40 Вид: Сф N: стар фонд Дата: 01.01.1988 Книги
Vip Innovations Ltd, Rousse, Bulgaria 2025